Innere Sicherheit im gemeinsamen Europa

Saved in:  
Bibliographic Details
Main Author: Seiters, Rudolf (Author)
Format: Print Article
Language:German
Published: 1992
In: Innere Sicherheit
Year: 1992, Volume: 3, Pages: 4-12
Check availability: HBZ Gateway
Keywords:

MARC

LEADER 00000caa a22000002c 4500
001 1640141685
003 DE-627
005 20220608131228.0
007 tu
008 160223s1992 xx ||||| 00| ||ger c
035 |a (DE-627)1640141685 
035 |a (DE-576)456062270 
035 |a (DE-599)BSZ456062270 
040 |a DE-627  |b ger  |c DE-627  |e rakwb 
041 |a ger 
100 1 |a Seiters, Rudolf  |4 aut 
245 1 0 |a Innere Sicherheit im gemeinsamen Europa  |c Rudolf Seiters 
264 1 |c 1992 
336 |a Text  |b txt  |2 rdacontent 
337 |a ohne Hilfsmittel zu benutzen  |b n  |2 rdamedia 
338 |a Band  |b nc  |2 rdacarrier 
773 0 8 |i In  |t Innere Sicherheit  |d Bonn : Bundesmin. d. Innern, 1966  |g 3(1992), Seite 4-12  |w (DE-627)167481924  |w (DE-600)532415-4  |w (DE-576)015748014  |x 0537-7161  |7 nnas 
773 1 8 |g volume:3  |g year:1992  |g pages:4-12 
935 |a mkri 
951 |a AR 
ELC |b 1 
LOK |0 000 xxxxxcx a22 zn 4500 
LOK |0 001 3301504817 
LOK |0 003 DE-627 
LOK |0 004 1640141685 
LOK |0 005 20250305133925 
LOK |0 008 160208||||||||||||||||ger||||||| 
LOK |0 040   |a DE-21-110  |c DE-627  |d DE-21-110 
LOK |0 689   |a s  |a Ausländerkriminalität 
LOK |0 689   |a s  |a Vereinigungskriminalität 
LOK |0 689   |a s  |a Bundesgrenzschutz 
LOK |0 689   |a k  |a Bundeskriminalamt 
LOK |0 689   |a s  |a Drogenbekämpfung 
LOK |0 689   |a s  |a Innere Sicherheit 
LOK |0 689   |a k  |a Europol 
LOK |0 689   |a s  |a Regierungskriminalität 
LOK |0 689   |a s  |a Fremdenfeindliche Straftaten 
LOK |0 689   |a g  |a DDR 
LOK |0 689   |a s  |a Grenzpolizei 
LOK |0 689   |a s  |a Luftsicherheitspolizei 
LOK |0 852   |a DE-21-110 
LOK |0 852 1  |m p  |9 00 
LOK |0 935   |a k110 
LOK |0 938   |k p 
LOK |0 939   |a 08-02-16  |b l01 
ORI |a SA-MARC-krimdoka001.raw